Sistema de Monitoreo del Arco Volcánico de Costa Rica mediante imágenes satelitales para el control automatizado de cambios en la vegetación circundante
Salvato in:
| Autore principale: | |
|---|---|
| Altri autori: | |
| Natura: | Sconosciuto |
| Lingua: | Spanish |
| Pubblicazione: |
San José, Costa Rica
2020
|
| Soggetti: | |
| Tags: |
Aggiungi Tag
Nessun Tag, puoi essere il primo ad aggiungerne!!
|
MARC
| LEADER | 00000 a2200000 4500 | ||
|---|---|---|---|
| 003 | 013209 | ||
| 005 | 20230313111845.0 | ||
| 008 | 210122b2020 cr a|||| |||| 00| ||spa d | ||
| 040 | |c cru CEDI | ||
| 100 | |a Fallas Mena, Andrés, 1993- |9 210 | ||
| 245 | |a Sistema de Monitoreo del Arco Volcánico de Costa Rica mediante imágenes satelitales para el control automatizado de cambios en la vegetación circundante | ||
| 260 | |a San José, Costa Rica |c 2020 | ||
| 500 | |a Proyecto de graduación (licenciatura en ingeniería Topográfica) --Universidad de Costa Rica. Facultad de Ingeniería. Escuela de Ingeniería Topográfica | ||
| 501 | |a Director de Proyecto de Graduación M.Sc. Jaime Garbanzo León | ||
| 650 | |x IMAGENES DE DETECCION A DISTANCIA |x AEROFOTOGRAFIA |x VOLCANES - COSTA RICA |x VEGETACION |x DETECCION A DISTANCIA |x SISTEMAS DE SENSORES REMOTOS |x VIGILANCIA AMBIENTAL |9 21633 | ||
| 700 | |9 56 |a Garbanzo León, Jaime, 1986- |d Director del TFG | ||
| 942 | |c CEDI |h TFG 8359 |6 TFG_8359_000000000000000 | ||
| 999 | |c 12989 |d 12989 | ||
